| 000 | 01082nam a22003377a 4500 | ||
|---|---|---|---|
| 001 | BR2020000324 | ||
| 003 | BR-BrBNA | ||
| 005 | 20230928105512.0 | ||
| 007 | ta | ||
| 008 | 230509b bl.||||| |||| 00| 0 por d | ||
| 020 | _a978-85-64059-15-3 | ||
| 040 |
_aBR-BrBNA _bpor _cBiblioteca Nacional de Agricultura |
||
| 041 | _a(Por) | ||
| 072 |
_aL01; L02; L51 _b5240 _b5250 _b1900 |
||
| 090 | _ 5240 BR2020000324 | ||
| 100 | 1 | _aRamos, J.P. de F. | |
| 100 | 1 | _aSantos, E.M. | |
| 100 | 1 | _aSousa, W.H. de | |
| 110 | 1 | _aEmpresa Estadual de Pesquisa Agropecuária da Paraíba S.A., João Pessoa (Brasil) | |
| 245 | 1 | _aEstratégias de produção, conservação e utilização de forragens para alimentação de caprinos e ovinos no semiárido | |
| 250 | 1 | _a1. ed. | |
| 260 | 3 |
_aJoão Pessoa, PB (Brasil): _c2018. |
|
| 300 | _a154 p. | ||
| 500 | _aIncludes several bibliographies; 24 illus.; 51 tables | ||
| 650 | _aCAPRINOCULTURA | ||
| 650 | _aOVINOCULTURA | ||
| 650 | _aPLANTA FORRAGEIRA | ||
| 650 | _aCAATINGA | ||
| 909 |
_a202309 _bLucia _c55 _dLucia Elande |
||
| 942 | _cBK | ||
| 999 |
_c85419 _d85419 |
||